| 000 | 00339 a2200133 4500 | ||
|---|---|---|---|
| 001 | 151313 | ||
| 040 | _cEscola São Tomás de Aquino | ||
| 240 | 1 | 0 |
_aNa praia e no luar, tartaruga quer o mar _lpor |
| 245 | 1 | 0 | _aNa praia e no luar, tartaruga quer o mar |
| 362 | 0 | _a2000 | |
| 440 | 1 | _aÁtica | |
| 697 | _a*LITERATURA INFANTO | ||
| 942 | _cBK | ||
| 999 |
_c151313 _d151313 |
||